| 000 | 00521nam a2200169Ia 4500 | ||
|---|---|---|---|
| 999 |
_c7904 _d7904 |
||
| 003 | OSt | ||
| 005 | 20200128155730.0 | ||
| 008 | 190216s9999||||xx |||||||||||||| ||und|| | ||
| 020 | _a9789381335185 | ||
| 040 | _coclc | ||
| 082 |
_a658.87 _bGUP/R |
||
| 100 |
_aGupta, S L _91031 |
||
| 245 | 0 |
_aRetailing And E-Tailing / _cGupta S L ; Ramesh Mittal ; Ruchi Nayyar |
|
| 260 |
_bInternational Book House Pvt Ltd, _c2011. _aAhamedabad: |
||
| 300 | _a465p | ||
| 942 |
_cBK _2ddc _h658.87 _iGUP/R _k658.87 _mGUP/R |
||